000 00818nam a2200277Ia 4500
003 OSt
005 20220926024443.0
006 a|||||r|||| 00| 0
007 ta
008 220923b |||||||| |||| 00| 0 eng d
020 _a0859739237
037 _cGeneral Book
040 _aRTL
_cRTL
_beng
041 _2eng
_aeng
082 _aY9(JB), N8
100 _aRival Laura Ed.
_9330745
245 0 _aSocial life of trees
_b Anthropological perspectives on tree symbolism
260 _aOxford
_bBerg
_c1998
300 _axiv, 315p
_ccm.
490 _aMaterializing Culture
500 _aBibliography chapterwise
650 _a Sociology of Science
_9230792
650 _aSociology of Agriculture
_9330746
942 _hY9(JB), N8
_cGB
_2CC
999 _c644289
_d644289